[Event "XXV Festival Conca della Presolana A"]
[Site "Bratto - Castione della Presolana ITA"]
[Date "2005.08.28"]
[Round "9"]
[White "D'Apa, Matteo"]
[Black "Rorato, Renzo"]
[Result "0-1"]
[WhiteElo "1995"]
[BlackElo "2120"]
[PlyCount "60"]
[EventDate "2005.08.20"]

1. d4 Nf6 2. c4 c5 3. d5 g6 4. Nc3 Bg7 5. e4 d6 6. f3 O-O 7. Be3 e6 8. Qd2 exd5
9. exd5 Re8 10. O-O-O a6 11. Bd3 Nbd7 12. Nge2 Ne5 13. Rdf1 b5 14. g4 Nxd3+ 15.
Qxd3 bxc4 16. Qd2 Bb7 17. Ng3 Nxd5 18. Nxd5 Bxd5 19. Bg5 Qb6 20. Qxd5 Qxb2+ 21.
Kd1 Qxa2 22. Qd2 Qb3+ 23. Qc2 d5 24. Qxb3 cxb3 25. Kd2 a5 26. Rc1 a4 27. Ra1 a3
28. Ne2 Rxe2+ 29. Kxe2 Bxa1 30. Rxa1 b2 0-1

[Event "XXV Festival Conca della Presolana A"]
[Site "Bratto - Castione della Presolana ITA"]
[Date "2005.08.28"]
[Round "9"]
[White "Femiano, Andrea"]
[Black "Alberton, Roberto"]
[Result "0-1"]
[WhiteElo "2177"]
[BlackElo "2108"]
[PlyCount "54"]
[EventDate "2005.08.20"]

1. e4 g6 2. d4 Bg7 3. Nf3 d6 4. h3 Nf6 5. Bd3 Nc6 6. a3 O-O 7. O-O e5 8. d5 Ne7
9. c4 Nh5 10. Nc3 h6 11. Bd2 Nf4 12. Bxf4 exf4 13. Rc1 g5 14. Nh2 Ng6 15. b4
Ne5 16. f3 h5 17. Be2 f5 18. c5 Rf7 19. cxd6 cxd6 20. Nb5 fxe4 21. fxe4 g4 22.
Kh1 f3 23. gxf3 g3 24. f4 Qh4 25. Rxc8+ Rxc8 26. Bxh5 Rxf4 27. Bg4 Rxg4 0-1

[Event "XXV Festival Conca della Presolana A"]
[Site "Bratto - Castione della Presolana ITA"]
[Date "2005.08.28"]
[Round "9"]
[White "Gardi, Giuseppe"]
[Black "Giretti Kanev, Jasen"]
[Result "0-1"]
[WhiteElo "2099"]
[BlackElo "2183"]
[PlyCount "94"]
[EventDate "2005.08.20"]

1. d4 Nf6 2. Nf3 e6 3. e3 b6 4. Bd3 Bb7 5. O-O Be7 6. b3 O-O 7. Bb2 Ne4 8. Nfd2
f5 9. c4 d5 10. f3 Bd6 11. fxe4 dxe4 12. Bxe4 fxe4 13. Rxf8+ Qxf8 14. Nc3 Qf5
15. Nb5 Nd7 16. Qe2 Nf6 17. Nxd6 cxd6 18. Rf1 Qg4 19. Qe1 d5 20. Ba3 Rc8 21.
Be7 Kf7 22. Bd6 Ba6 23. h3 Qg6 24. Rf4 dxc4 25. bxc4 Bxc4 26. Nxc4 Rxc4 27. Qe2
b5 28. a4 Qg5 29. Be5 a6 30. axb5 axb5 31. Qa2 Ra4 32. Qc2 h5 33. h4 Ra1+ 34.
Kh2 Qg6 35. Qc7+ Kg8 36. Bxf6 gxf6 37. Qd8+ Kg7 38. Qe7+ Qf7 39. Qb4 Qd7 40.
Qb2 Ra4 41. Qe2 Qd5 42. Qf2 Ra2 43. Qg3+ Kf7 44. Rf1 Qc4 45. Rb1 Qd5 46. Qe1
Ra8 47. Qc1 47... Qd6+ {...} 0-1

[Event "XXV Festival Conca della Presolana A"]
[Site "Bratto - Castione della Presolana ITA"]
[Date "2005.08.28"]
[Round "9"]
[White "Gasperoni, Stefano"]
[Black "Virzi, Ettore"]
[Result "1-0"]
[WhiteElo "2021"]
[BlackElo "2008"]
[PlyCount "24"]
[EventDate "2005.08.20"]

1. e4 e5 2. Nf3 Nc6 3. Bb5 a6 4. Ba4 Nf6 5. O-O b5 6. Bb3 Bc5 7. c3 d6 8. d4
Bb6 9. dxe5 Nxe5 10. Nxe5 dxe5 11. Qxd8+ Kxd8 12. Bg5 g6 1-0

[Event "XXV Festival Conca della Presolana A"]
[Site "Bratto - Castione della Presolana ITA"]
[Date "2005.08.28"]
[Round "9"]
[White "Hunt, Adam C."]
[Black "Groszpeter, Attila"]
[Result "1/2-1/2"]
[WhiteElo "2427"]
[BlackElo "2525"]
[PlyCount "68"]
[EventDate "2005.08.20"]

1. e4 c6 2. d4 d5 3. exd5 cxd5 4. c4 Nf6 5. Nc3 e6 6. Nf3 Bb4 7. cxd5 exd5 8.
Bd3 O-O 9. O-O Bg4 10. Qb3 Bxc3 11. bxc3 Bxf3 12. gxf3 Qc7 13. Kh1 Nc6 14. Bg5
Ne7 15. Rab1 Ng6 16. Bxf6 gxf6 17. Qxd5 Qxc3 18. Bxg6 hxg6 19. Rg1 Kg7 20. Rxb7
Rae8 21. Rxa7 Qd3 22. Rd7 Re2 23. Kg2 Qd2 24. Rf1 f5 25. a4 Qg5+ 26. Kh1 Qh5
27. a5 Re4 28. Kg2 Qg5+ 29. Kh1 Qh5 30. fxe4 Qf3+ 31. Kg1 Qg4+ 32. Kh1 Qf3+ 33.
Kg1 Qg4+ 34. Kh1 Qf3+ 1/2-1/2

[Event "XXV Festival Conca della Presolana A"]
[Site "Bratto - Castione della Presolana ITA"]
[Date "2005.08.28"]
[Round "9"]
[White "Iordachescu, Viorel"]
[Black "Dervishi, Erald"]
[Result "1-0"]
[WhiteElo "2606"]
[BlackElo "2482"]
[PlyCount "69"]
[EventDate "2005.08.20"]

1. c4 e6 2. Nc3 d5 3. d4 Nf6 4. Nf3 Be7 5. Bf4 O-O 6. e3 c5 7. dxc5 Bxc5 8. Qc2
Nc6 9. Rd1 Qa5 10. a3 Be7 11. Be2 Bd7 12. O-O a6 13. cxd5 exd5 14. Qb3 Be6 15.
Ng5 b5 16. e4 Rad8 17. Nxe6 fxe6 18. exd5 Nxd5 19. Nxd5 exd5 20. Rxd5 Kh8 21.
Be3 Bf6 22. Bd3 Qa4 23. Rxd8 Rxd8 24. Qe6 Ne5 25. Bb6 Rg8 26. Bb1 Qh4 27. b3
Qh5 28. h3 Re8 29. Qd5 Qf7 30. Qxf7 Nxf7 31. a4 bxa4 32. bxa4 Ne5 33. Rc1 g6
34. Kf1 Nd7 35. Be3 1-0

[Event "XXV Festival Conca della Presolana A"]
[Site "Bratto - Castione della Presolana ITA"]
[Date "2005.08.28"]
[Round "9"]
[White "Jones, Gawain C.B."]
[Black "Gromovs, Sergejs"]
[Result "1-0"]
[WhiteElo "2442"]
[BlackElo "2375"]
[PlyCount "83"]
[EventDate "2005.08.20"]

1. e4 c5 2. Nf3 d6 3. c3 Nf6 4. Be2 Nc6 5. d4 cxd4 6. cxd4 g6 7. d5 Nb8 8. Nc3
Bg7 9. O-O O-O 10. h3 Nbd7 11. Be3 a6 12. a4 h6 13. a5 Kh7 14. Qc2 Ne5 15. Nxe5
dxe5 16. Na4 Nh5 17. Nb6 Rb8 18. Bxh5 gxh5 19. f4 Bd7 20. f5 Bb5 21. Rf2 Qd6
22. Rd1 Rfd8 23. Qc3 Rg8 24. Bc5 Qf6 25. Qf3 Qh4 26. Kh2 Bf6 27. Be3 Bg5 28. g3
Bxe3 29. gxh4 Bf4+ 30. Qxf4 exf4 31. Rxf4 f6 32. Rf2 Rg7 33. Rg2 Rbg8 34. Rxg7+
Rxg7 35. d6 exd6 36. Rxd6 Bc6 37. Nd5 Bxd5 38. exd5 Rf7 39. Kg3 Kg7 40. Re6 Rc7
41. d6 Rd7 42. Kf4 1-0

[Event "XXV Festival Conca della Presolana A"]
[Site "Bratto - Castione della Presolana ITA"]
[Date "2005.08.28"]
[Round "9"]
[White "Kidane, Robel"]
[Black "Paolinelli, Giacomo"]
[Result "1/2-1/2"]
[WhiteElo "2120"]
[BlackElo "2042"]
[PlyCount "48"]
[EventDate "2005.08.20"]

1. e4 e5 2. Nf3 Nf6 3. Nxe5 d6 4. Nf3 Nxe4 5. d4 d5 6. Bd3 Bd6 7. O-O O-O 8. c4
c6 9. h3 Re8 10. Nc3 Nxc3 11. bxc3 h6 12. cxd5 cxd5 13. c4 dxc4 14. Bxc4 Nd7
15. Bb2 Nf6 16. Kh1 a6 17. Qd3 Ne4 18. Rae1 Bf5 19. Qb3 Qd7 20. Rd1 Bxh3 21.
Bxf7+ Qxf7 22. Qxf7+ Kxf7 23. gxh3 Rac8 24. Ne1 Rc4 1/2-1/2

[Event "XXV Festival Conca della Presolana A"]
[Site "Bratto - Castione della Presolana ITA"]
[Date "2005.08.28"]
[Round "9"]
[White "Lalic, Bogdan"]
[Black "Ranola, Yves"]
[Result "1-0"]
[WhiteElo "2491"]
[BlackElo "2466"]
[PlyCount "65"]
[EventDate "2005.08.20"]

1. d4 Nf6 2. c4 g6 3. Nc3 Bg7 4. e4 d6 5. Nf3 O-O 6. Be2 e5 7. O-O Nc6 8. d5
Ne7 9. Nd2 a5 10. a3 Nd7 11. Rb1 f5 12. b4 axb4 13. axb4 Kh8 14. Qc2 Ng8 15.
Nb5 Ndf6 16. f3 Ne8 17. c5 Ngf6 18. Nc4 Bd7 19. Nc3 f4 20. b5 b6 21. cxb6 cxb6
22. Na4 Nxd5 23. Bd2 Ne3 24. Nxe3 fxe3 25. Bxe3 Rb8 26. Qd2 Be6 27. Rfc1 Rf7
28. Bc4 Bxc4 29. Rxc4 Rd7 30. Rc6 Rdb7 31. Qf2 Nf6 32. Rd1 Bf8 33. Bxb6 1-0

[Event "XXV Festival Conca della Presolana A"]
[Site "Bratto - Castione della Presolana ITA"]
[Date "2005.08.28"]
[Round "9"]
[White "Magrini, Fabrizio"]
[Black "Salami, Marco"]
[Result "0-1"]
[WhiteElo "1996"]
[BlackElo "2221"]
[PlyCount "60"]
[EventDate "2005.08.20"]

1. e4 e6 2. d4 d5 3. Nc3 Bb4 4. e5 c5 5. a3 Bxc3+ 6. bxc3 Ne7 7. Qg4 Qc7 8.
Qxg7 Rg8 9. Qxh7 cxd4 10. Kd1 Nbc6 11. Nf3 Nxe5 12. Bf4 Qxc3 13. Nxe5 Qxa1+ 14.
Bc1 Rf8 15. Bd3 Bd7 16. Ke2 O-O-O 17. Nxf7 Rxf7 18. Qxf7 Nc6 19. f4 e5 20. Bf5
d3+ 21. Kf2 Qa2 22. Bxd7+ Rxd7 23. Qf8+ Kc7 24. Qc5 dxc2 25. fxe5 b6 26. Qc3 d4
27. Qg3 Rf7+ 28. Ke2 Kb7 29. Re1 Qc4+ 30. Kd2 Na5 0-1

[Event "XXV Festival Conca della Presolana A"]
[Site "Bratto - Castione della Presolana ITA"]
[Date "2005.08.28"]
[Round "9"]
[White "Maiorov, Nikita"]
[Black "Cebalo, Miso"]
[Result "0-1"]
[WhiteElo "2453"]
[BlackElo "2511"]
[PlyCount "116"]
[EventDate "2005.08.20"]

1. d4 Nf6 2. c4 g6 3. g3 c5 4. d5 d6 5. Nc3 Bg7 6. Bg2 O-O 7. Nf3 e6 8. O-O
exd5 9. cxd5 a6 10. a4 Nbd7 11. Bf4 Qe7 12. h3 Re8 13. e4 Qf8 14. Re1 Nh5 15.
Bd2 Ne5 16. Nxe5 Bxe5 17. Kh2 Rb8 18. f4 Bd4 19. Be3 Bg7 20. Rc1 b6 21. b3 h6
22. Bf3 Nf6 23. Bd2 Nh7 24. Rb1 Bd7 25. b4 cxb4 26. Rxb4 Rbc8 27. Qb3 Rc5 28.
Rc4 Rec8 29. Rxc5 Rxc5 30. e5 dxe5 31. fxe5 Ng5 32. Bxg5 hxg5 33. Ne4 Ra5 34.
Qxb6 Rxa4 35. Nc5 Ra2+ 36. Re2 Rxe2+ 37. Bxe2 Bf5 38. Qc7 Bxe5 39. Qxe5 Qxc5
40. Bf3 a5 41. g4 Qf2+ 42. Bg2 Bd3 43. Qe8+ Kg7 44. Qe5+ Qf6 45. Qe8 Qf4+ 46.
Kh1 Qd4 47. Qa8 a4 48. d6 Bb5 49. Bd5 Qd1+ 50. Kh2 Qe2+ 51. Kg1 Qf1+ 52. Kh2
Qf4+ 53. Kg1 Qxd6 54. Qb7 Bd7 55. Qb2+ Qf6 56. Qb7 Be6 57. Bxe6 Qxe6 58. Qb2+
Kh7 0-1

[Event "XXV Festival Conca della Presolana A"]
[Site "Bratto - Castione della Presolana ITA"]
[Date "2005.08.28"]
[Round "9"]
[White "Manzoni, Alessandro"]
[Black "Tencati, Giuseppe"]
[Result "1/2-1/2"]
[WhiteElo "2086"]
[BlackElo "2109"]
[PlyCount "95"]
[EventDate "2005.08.20"]

1. e4 e6 2. Nc3 d5 3. g3 Nf6 4. Bg2 Be7 5. d3 c5 6. Nge2 Nc6 7. O-O dxe4 8.
Nxe4 Nxe4 9. Bxe4 Bd7 10. Bd2 Bf6 11. c3 Rc8 12. Be3 b6 13. f4 O-O 14. g4 g6
15. Ng3 Bg7 16. f5 exf5 17. gxf5 Ne5 18. Qd2 Ng4 19. Bf4 Bc6 20. Rad1 Bxe4 21.
dxe4 Qxd2 22. Rxd2 Ne5 23. Bxe5 Bxe5 24. Rd7 Rc7 25. Rxc7 Bxc7 26. Rd1 Rd8 27.
Rxd8+ Bxd8 28. c4 Kg7 29. Kg2 Kf6 30. Kf3 Ke5 31. fxg6 fxg6 32. Ne2 Bg5 33. Nc3
Kd4 34. Nb5+ Kxc4 35. Nxa7 b5 36. e5 Kd5 37. Nxb5 Kxe5 38. a4 Bd8 39. Ke3 Kd5
40. b3 Ba5 41. Na3 g5 42. Nc4 Bc7 43. h3 h5 44. a5 Kc6 45. a6 Bb8 46. Ke4 g4
47. hxg4 hxg4 48. a7 1/2-1/2

[Event "XXV Festival Conca della Presolana A"]
[Site "Bratto - Castione della Presolana ITA"]
[Date "2005.08.28"]
[Round "9"]
[White "Mazzilli, Piero"]
[Black "Contin, Daniel"]
[Result "0-1"]
[WhiteElo "2341"]
[BlackElo "2393"]
[PlyCount "82"]
[EventDate "2005.08.20"]

1. f4 c5 2. e4 e6 3. Nf3 d5 4. Nc3 dxe4 5. Nxe4 Nc6 6. Bb5 Bd7 7. Qe2 Be7 8.
O-O Nh6 9. Ne5 Qc7 10. Nxd7 Qxd7 11. Ng3 O-O 12. d3 Rfe8 13. Bd2 Bf6 14. Bc3
Bd4+ 15. Kh1 a6 16. Bxc6 Qxc6 17. Rae1 Rad8 18. Qe4 Qb5 19. Re2 f5 20. Qf3 g6
21. Rfe1 Qd7 22. Ba5 Rc8 23. b3 b5 24. Bd2 Kf7 25. Be3 Ng4 26. Bg1 Nf6 27. c4
Bxg1 28. Rxg1 Rc6 29. Rd2 Rd6 30. h3 Rd8 31. Rgd1 Qc6 32. Qxc6 Rxc6 33. d4 Rcd6
34. cxb5 axb5 35. Rc1 cxd4 36. Rc7+ Ke8 37. Kg1 d3 38. Kf2 h5 39. h4 Rd4 40.
Rc5 Rxf4+ 41. Ke1 Rg4 0-1

[Event "XXV Festival Conca della Presolana A"]
[Site "Bratto - Castione della Presolana ITA"]
[Date "2005.08.28"]
[Round "9"]
[White "Miatello, Alberto"]
[Black "Tagliagambe, Stefano"]
[Result "0-1"]
[WhiteElo "2095"]
[BlackElo "2055"]
[PlyCount "132"]
[EventDate "2005.08.20"]

1. e4 c5 2. Nf3 e6 3. d4 cxd4 4. Nxd4 Qb6 5. Nb3 Qc7 6. Nc3 a6 7. Bd3 Nf6 8. f4
d6 9. a4 b6 10. Qe2 Nc6 11. O-O Be7 12. Bd2 Bb7 13. Rae1 O-O 14. e5 dxe5 15.
fxe5 Nd7 16. Bf4 Nb4 17. Qh5 Nxd3 18. cxd3 Nc5 19. Nxc5 Qxc5+ 20. Kh1 f5 21.
Bg5 Rad8 22. Ne2 Qc6 23. Nf4 Rd4 24. Rf3 Bb4 25. Rg1 Qe8 26. Rh3 h6 27. Ng6 Rg4
28. Nxf8 Qxh5 29. Rxh5 Kxf8 30. Be3 f4 31. Bf2 f3 32. g3 Bc5 33. Rf1 Bxf2 34.
Rxf2 Rxa4 35. h3 Rd4 36. Kh2 Rxd3 37. g4 Re3 38. Kg3 Kf7 39. Rc2 Bd5 40. Kf2
Rb3 41. g5 Be4 42. Rd2 Kg6 43. Rh4 Bd5 44. gxh6 gxh6 45. Rf4 Kg5 46. Rf6 Rb4
47. Kg3 h5 48. Rc2 h4+ 49. Kf2 Re4 50. Rxf3 Rxe5 51. Rf8 Re4 52. Rc1 Kh6 53.
Rg1 Kh7 54. Rf7+ Kh6 55. Rf6+ Kh7 56. Rc1 Rb4 57. Rc7+ Kg8 58. Rg6+ Kh8 59.
Rgg7 Rxb2+ 60. Ke3 Rb3+ 61. Kf4 Rg3 62. Rh7+ Kg8 63. Rhd7 Rf3+ 64. Kg5 Rf5+ 65.
Kg6 Be4 66. Rc8+ Rf8+ 0-1

[Event "XXV Festival Conca della Presolana A"]
[Site "Bratto - Castione della Presolana ITA"]
[Date "2005.08.28"]
[Round "9"]
[White "Mihalj, Miroslav M."]
[Black "Mantovani, Renzo"]
[Result "1/2-1/2"]
[WhiteElo "2298"]
[BlackElo "2371"]
[PlyCount "82"]
[EventDate "2005.08.20"]

1. d4 Nf6 2. Nc3 d5 3. Bg5 c6 4. Bxf6 exf6 5. e3 Qb6 6. Rb1 Bb4 7. Nge2 Nd7 8.
a3 Bd6 9. Nf4 f5 10. g3 Nf6 11. Nh5 Nxh5 12. Qxh5 g6 13. Qf3 h5 14. h4 Qa5 15.
Kd2 O-O 16. Bd3 Be6 17. b4 Qd8 18. Ne2 a5 19. Rb2 Qe7 20. Rhb1 axb4 21. axb4
Ra4 22. c3 Rfa8 23. Nf4 b6 24. Ke1 Ra3 25. Rc1 c5 26. bxc5 bxc5 27. Kf1 c4 28.
Be2 R8a5 29. Kg2 Rb3 30. Rxb3 cxb3 31. Rb1 Qb7 32. c4 b2 33. Nxe6 fxe6 34. c5
Bc7 35. Bd3 Ra1 36. Qd1 Rxb1 37. Bxb1 Qb4 38. Qe2 Kf7 39. Qa6 Qb8 40. Qc6 Ke7
41. Kf3 Ba5 1/2-1/2

[Event "XXV Festival Conca della Presolana A"]
[Site "Bratto - Castione della Presolana ITA"]
[Date "2005.08.28"]
[Round "9"]
[White "Mosca, Leonildo"]
[Black "Costantini, Roberto"]
[Result "1/2-1/2"]
[WhiteElo "2115"]
[BlackElo "2291"]
[PlyCount "46"]
[EventDate "2005.08.20"]

1. f4 d5 2. Nf3 g6 3. e3 Bg7 4. Be2 Nf6 5. O-O O-O 6. d3 c5 7. c3 b6 8. Qe1 Bb7
9. Nbd2 Nbd7 10. Ne5 Nxe5 11. fxe5 Ne8 12. d4 f6 13. Nf3 fxe5 14. dxe5 Nc7 15.
Bd2 Qd7 16. Qh4 Ne6 17. Rad1 Rad8 18. Be1 Kh8 19. Bd3 Kg8 20. Bg3 Rf7 21. Qh3
Bc8 22. Qh4 Qc6 23. c4 d4 1/2-1/2

[Event "XXV Festival Conca della Presolana A"]
[Site "Bratto - Castione della Presolana ITA"]
[Date "2005.08.28"]
[Round "9"]
[White "Mosconi, Ariel Oscar"]
[Black "Marzano, Carlo"]
[Result "1-0"]
[WhiteElo "2102"]
[BlackElo "2201"]
[PlyCount "69"]
[EventDate "2005.08.20"]

1. e4 Nc6 2. Bb5 a6 3. Bxc6 bxc6 4. Nf3 d6 5. O-O e6 6. Re1 Nf6 7. Na3 Be7 8.
d3 a5 9. Nc4 a4 10. Bg5 O-O 11. e5 Nd7 12. Bxe7 Qxe7 13. Qd2 d5 14. Ne3 c5 15.
h4 Bb7 16. Ng4 d4 17. Ngh2 Nb6 18. a3 Qd7 19. Qg5 Kh8 20. Qh5 Nd5 21. Ng5 h6
22. Ne4 Qc6 23. Qf3 Qb6 24. Qg3 f5 25. exf6 Nxf6 26. Nxf6 Rxf6 27. Ng4 Rg6 28.
h5 Rg5 29. Re5 Qxb2 30. Rae1 Rf8 31. Rxg5 hxg5 32. Qe5 Qa2 33. h6 Rf7 34. hxg7+
Kh7 35. Qxg5 1-0

[Event "XXV Festival Conca della Presolana A"]
[Site "Bratto - Castione della Presolana ITA"]
[Date "2005.08.28"]
[Round "9"]
[White "Nardelli, Marco"]
[Black "Di Paolo, Raffaele"]
[Result "0-1"]
[WhiteElo "2108"]
[BlackElo "2271"]
[PlyCount "108"]
[EventDate "2005.08.20"]

1. e4 c5 2. Nf3 Nc6 3. d4 cxd4 4. Nxd4 Qc7 5. Nc3 e6 6. Be2 a6 7. O-O Nf6 8.
Be3 Bb4 9. Na4 Be7 10. Nxc6 bxc6 11. Nb6 Rb8 12. Nxc8 Qxc8 13. Bd4 Qc7 14. f4
Nxe4 15. Bxg7 Rg8 16. Be5 Qb6+ 17. Kh1 Nf2+ 18. Rxf2 Qxf2 19. Bf3 Rb5 20. c4
Rxe5 21. fxe5 Rg5 22. Qb3 Qa7 23. Re1 Bc5 24. Qd3 Bf2 25. Qxh7 Rf5 26. Rd1 Qc7
27. b4 Ke7 28. Be4 Rg5 29. Rf1 Qxe5 30. Rxf2 Qa1+ 31. Bb1 Rf5 32. Qh4+ Ke8 33.
h3 Rxf2 34. Qxf2 Qxb1+ 35. Kh2 Qxb4 36. Qd4 d5 37. Qh8+ Qf8 38. Qe5 Kd7 39.
cxd5 cxd5 40. Qf6 Qe7 41. Qg7 f6 42. Qg8 d4 43. Qa8 Qd6+ 44. g3 d3 45. Qb7+ Kd8
46. Qa8+ Ke7 47. Qb7+ Kf8 48. Qa8+ Kg7 49. Qb7+ Kh6 50. Qf7 Qd4 51. h4 Qf2+ 52.
Kh3 d2 53. h5 Qf1+ 54. Kh2 Qe2+ 0-1

[Event "XXV Festival Conca della Presolana A"]
[Site "Bratto - Castione della Presolana ITA"]
[Date "2005.08.28"]
[Round "9"]
[White "Ori, Marco"]
[Black "Campini, Marco"]
[Result "1-0"]
[WhiteElo "2087"]
[BlackElo "2130"]
[PlyCount "99"]
[EventDate "2005.08.20"]

1. e4 c5 2. Nf3 d6 3. Bb5+ Nc6 4. d4 cxd4 5. Qxd4 Bd7 6. Bxc6 bxc6 7. c4 e5 8.
Qd3 Be7 9. O-O Qc7 10. Nc3 h6 11. h3 Nf6 12. b3 Nh5 13. Rd1 Rd8 14. Qe2 g6 15.
Be3 Ng7 16. Nh2 g5 17. Rac1 Be6 18. b4 O-O 19. b5 Rd7 20. bxc6 Qxc6 21. Nd5 f5
22. f3 Bd8 23. Rb1 Bf7 24. Qd3 Bg6 25. Rb5 Kh7 26. Rdb1 Ne6 27. R1b2 Rff7 28.
Nf1 h5 29. Nd2 f4 30. Bf2 Kg7 31. Nb4 Qc8 32. Nd5 Qa6 33. Nb3 Rb7 34. Nb4 Qa3
35. Qd2 Rxb5 36. cxb5 Rd7 37. Nd5 Bf7 38. Rc2 Nc7 39. Rc6 Nxb5 40. Qc2 Qa4 41.
Kh2 Be6 42. Nd4 Qxd4 43. Bxd4 Nxd4 44. Qa4 Nxc6 45. Qxc6 g4 46. hxg4 hxg4 47.
Kg1 g3 48. Kf1 Kf7 49. a4 Bxd5 50. Qxd7+ 1-0

[Event "XXV Festival Conca della Presolana A"]
[Site "Bratto - Castione della Presolana ITA"]
[Date "2005.08.28"]
[Round "9"]
[White "Pace, Pietro Dario"]
[Black "Castaldo, Folco"]
[Result "1/2-1/2"]
[WhiteElo "2198"]
[BlackElo "2352"]
[PlyCount "31"]
[EventDate "2005.08.20"]

1. e4 d6 2. d4 Nf6 3. Nc3 g6 4. Nf3 Bg7 5. Be2 O-O 6. O-O Bg4 7. h3 Bxf3 8.
Bxf3 Nc6 9. Be3 Nd7 10. d5 Na5 11. Be2 c6 12. Bd4 Bxd4 13. Qxd4 cxd5 14. Nxd5
Re8 15. c4 a6 16. b3 1/2-1/2

[Event "XXV Festival Conca della Presolana A"]
[Site "Bratto - Castione della Presolana ITA"]
[Date "2005.08.28"]
[Round "9"]
[White "Papa, Angelo"]
[Black "Mazzariol, Oscar"]
[Result "0-1"]
[WhiteElo "1932"]
[BlackElo "2078"]
[PlyCount "36"]
[EventDate "2005.08.20"]

1. d4 Nf6 2. Nf3 g6 3. Nc3 Bg7 4. e4 O-O 5. e5 Ne8 6. Bc4 Nc6 7. O-O Na5 8. Bd3
d6 9. Bf4 Nc6 10. Qe2 Bg4 11. Qe3 Bxf3 12. gxf3 e6 13. Ne4 dxe5 14. dxe5 Nxe5
15. Rad1 Nd6 16. Nxd6 cxd6 17. Rfe1 Qc7 18. Bg3 Rac8 0-1

[Event "XXV Festival Conca della Presolana A"]
[Site "Bratto - Castione della Presolana ITA"]
[Date "2005.08.28"]
[Round "9"]
[White "Pechy, Alaster"]
[Black "Brancaleoni, Maurizio"]
[Result "1-0"]
[WhiteElo "2168"]
[BlackElo "2314"]
[PlyCount "59"]
[EventDate "2005.08.20"]

1. Nf3 c5 2. c4 g6 3. Nc3 Bg7 4. g3 Nc6 5. Bg2 d6 6. O-O e6 7. e3 Nge7 8. a3
O-O 9. d3 b6 10. Re1 Bb7 11. Rb1 Rc8 12. Ne2 d5 13. Qc2 Rc7 14. b3 Qa8 15. cxd5
Nxd5 16. Bb2 Bh6 17. Nc3 Nd4 18. exd4 cxd4 19. Nxd4 Nxc3 20. Bxb7 Qxb7 21. Bxc3
Rfc8 22. Ne2 Qf3 23. Qb2 Rc5 24. Rbd1 Rh5 25. Be5 Rxh2 26. Kxh2 Qxf2+ 27. Kh3
g5 28. Qd4 Qf5+ 29. Kg2 Rc2 30. Qe4 1-0

[Event "XXV Festival Conca della Presolana A"]
[Site "Bratto - Castione della Presolana ITA"]
[Date "2005.08.28"]
[Round "9"]
[White "Piantoni, Roberto"]
[Black "Bracali, Andrea"]
[Result "1/2-1/2"]
[WhiteElo "2186"]
[BlackElo "2119"]
[PlyCount "25"]
[EventDate "2005.08.20"]

1. Nf3 d5 2. g3 c6 3. Bg2 Bf5 4. c4 e6 5. b3 Nf6 6. O-O Be7 7. d3 O-O 8. Nh4
Bg4 9. h3 Bh5 10. cxd5 cxd5 11. Bb2 Nc6 12. Nd2 Rc8 13. Nhf3 1/2-1/2

[Event "XXV Festival Conca della Presolana A"]
[Site "Bratto - Castione della Presolana ITA"]
[Date "2005.08.28"]
[Round "9"]
[White "Pieri, Enzo"]
[Black "Pegoraro, Nicola"]
[Result "1-0"]
[WhiteElo "1959"]
[BlackElo "2085"]
[PlyCount "103"]
[EventDate "2005.08.20"]

1. e4 c5 2. Nf3 d6 3. d4 cxd4 4. Nxd4 Nf6 5. Nc3 a6 6. Be2 e6 7. Be3 Be7 8. O-O
b5 9. a3 Bb7 10. Bf3 Nbd7 11. Qe2 Ne5 12. Rfd1 O-O 13. Kh1 Rc8 14. Nb3 Qc7 15.
Nd2 Rfd8 16. Bf4 Nfd7 17. Rac1 Bf6 18. Qe3 Nb6 19. Be2 Ng6 20. Bg5 Bxc3 21.
Bxd8 Bxd2 22. Qxd2 Rxd8 23. f3 Nc4 24. Qc3 Qc6 25. Rd4 e5 26. Rdd1 Nf4 27. Bxc4
bxc4 28. Qxe5 Nd3 29. Qa5 Nf2+ 30. Kg1 Nh3+ 31. gxh3 Re8 32. Qb4 Re6 33. Rd4
Rg6+ 34. Kf2 Qd7 35. Rg1 Rf6 36. Rg3 h5 37. e5 Rf5 38. Rxd6 Qc7 39. h4 Rxe5 40.
Qb6 Rc5 41. Rg5 Qxb6 42. Rxb6 Rc7 43. Rxh5 f6 44. Rf5 Kh7 45. Rf4 Bc8 46. Ke3
Kh6 47. Rd4 c3 48. b3 Bf5 49. Rc4 Re7+ 50. Kf2 Bxc2 51. Rxc3 Bd1 52. Rxa6 1-0

[Event "XXV Festival Conca della Presolana A"]
[Site "Bratto - Castione della Presolana ITA"]
[Date "2005.08.28"]
[Round "9"]
[White "Ranfagni, Stefano"]
[Black "Raselli, Claudio"]
[Result "1-0"]
[WhiteElo "1934"]
[BlackElo "2063"]
[PlyCount "91"]
[EventDate "2005.08.20"]

1. e4 c5 2. Nc3 Nc6 3. g3 g6 4. Bg2 Bg7 5. Nge2 e6 6. O-O Nge7 7. d3 O-O 8. Be3
Nd4 9. Qd2 a6 10. Nd1 d5 11. Nxd4 cxd4 12. Bh6 dxe4 13. Bxe4 Rb8 14. Bxg7 Kxg7
15. f4 b6 16. Nf2 Bb7 17. Rfe1 Bxe4 18. Nxe4 Rc8 19. Ng5 h6 20. Nf3 Nf5 21. Re4
h5 22. Rc1 Qd6 23. Qf2 Rfd8 24. h3 Qb4 25. c3 Qd6 26. g4 hxg4 27. hxg4 Nh6 28.
Rxd4 Qc5 29. Rxd8 Qxf2+ 30. Kxf2 Rxd8 31. g5 Nf5 32. d4 Rh8 33. Rg1 b5 34. Rg2
Nd6 35. Rh2 Rc8 36. Ke3 Nc4+ 37. Kd3 Nb6 38. Ne5 Nd5 39. Ke4 Rc7 40. a3 Rc8 41.
Ng4 Rc7 42. Ke5 Nb6 43. Nf6 Nc4+ 44. Ke4 Rc6 45. b3 Nxa3 46. Ke5 1-0

[Event "XXV Festival Conca della Presolana A"]
[Site "Bratto - Castione della Presolana ITA"]
[Date "2005.08.28"]
[Round "9"]
[White "Ranieri, Fabrizio"]
[Black "Lucaroni, Massimiliano"]
[Result "1-0"]
[WhiteElo "2204"]
[BlackElo "2318"]
[PlyCount "117"]
[EventDate "2005.08.20"]

1. e4 e5 2. Nf3 Nc6 3. Bc4 Nf6 4. d3 Bc5 5. O-O d6 6. h3 h6 7. Nc3 g5 8. Nh2
Nd4 9. Be3 g4 10. hxg4 h5 11. g5 Ng4 12. b4 Bb6 13. Nd5 c6 14. Nxb6 axb6 15. c3
Ne6 16. Nxg4 hxg4 17. f4 exf4 18. Bxe6 Bxe6 19. Bxf4 Kd7 20. Qe1 Rh5 21. Qe3
Kc7 22. a4 Qh8 23. a5 bxa5 24. Qc5 Rd8 25. bxa5 Rh1+ 26. Kf2 Qh4+ 27. Ke2 Rxf1
28. Rxf1 g3 29. Qb6+ Kd7 30. Qxb7+ Ke8 31. Qb6 Qh2 32. Rg1 c5 33. Be3 c4 34. a6
Qh5+ 35. Kd2 cxd3 36. Qb5+ Bd7 37. Qxd3 Bc6 38. a7 Qg6 39. Rh1 Ke7 40. Qc4 Qxe4
41. Qxe4+ Bxe4 42. Bb6 Ra8 43. Re1 d5 44. Bd4 Kd7 45. Rf1 Bg6 46. Ra1 Be4 47.
Ra4 Bxg2 48. Rb4 Kc8 49. Ke3 Bh3 50. Kf3 g2 51. Kg3 Bd7 52. Kxg2 Bc6 53. Kf3
Kd7 54. Kf4 Ke6 55. Rb2 Ke7 56. Ke5 Rg8 57. Kf5 Bd7+ 58. Kf4 Ra8 59. Bc5+ 1-0

[Event "XXV Festival Conca della Presolana A"]
[Site "Bratto - Castione della Presolana ITA"]
[Date "2005.08.28"]
[Round "9"]
[White "Rendle, Thomas E."]
[Black "Guido, Flavio"]
[Result "1-0"]
[WhiteElo "2358"]
[BlackElo "2305"]
[PlyCount "33"]
[EventDate "2005.08.20"]

1. e4 c5 2. Nf3 e6 3. b3 Nf6 4. e5 Nd5 5. Bb2 Be7 6. Nc3 Nxc3 7. Bxc3 O-O 8.
Bd3 Nc6 9. h4 f5 10. exf6 Bxf6 11. Qe2 d5 12. Bxh7+ Kxh7 13. Ng5+ Kh6 14. Qd3
g6 15. h5 Ne7 16. Nf7+ Rxf7 17. hxg6+ 1-0